000 01143cad a22002055a 4500
001 L150568
008 100729e2010 xxk 000 0 eng d
035 _a(Sirsi) u150568
041 0 _aeng
050 _a333.72
_v218
110 2 _aOve Arup and Partners
245 0 0 _aStrategic Forum for Construction & Carbon Trust
_bconstruction carbon 15% target by 2012, data and methodology paper
_h[electronic resource]
260 _aLondon
_bOveArup
_c2010
520 _aOutlines the methodology and data sets to be used to calculate annual greenhouse gas (GHG) emissions; sets the carbon baseline for 2008; asseses progress towards the target for the four subsequent reporting years (2009-2012); builds on the scoping paper for the project; Strategic Forum Carbon Sub-Group; carbon reduction policies and programmes in the UK and the EU.
590 _aNTK
651 4 _aUnited Kingdom
_y
690 _aBUILT ENVIRONMENT-SUSTAINABLE CONSTRUCTION
856 4 0 _uhttps://www.strategicforum.org.uk/pdf/0009%20Data%20and%20methods%20paper%20Rev%20A%20for%20public%20release.pdf
_zView the item free of charge at www.strategicforum.org.uk
942 _n0
999 _c82560
_d82560